000 00912nam a22002057a 4500
005 20260526091429.0
008 260525b |||||||| |||| 00| 0 eng d
020 _a9788175994652
040 _cAL
041 _aEnglish
082 _a530.11
_bEINR
100 _aAlbert Einstein
_9264548
245 _aRelativity
_b: the special and the general theory
260 _aNew Delhi
_bFinger Print Classics
_c2019
300 _a187p.
_bPB
_c20x13cm.
520 _aRelativity: The Special and the General Theory is a groundbreaking scientific work written by Albert Einstein, one of the most renowned physicists of all time. Published in 1915, the book revolutionized our understanding of space, time, and gravity. Relativity remains a cornerstone of modern physics and a testament to Einstein’s intellectual brilliance
650 _aSpecial Theory
_9264476
650 _aGeneral Theory
_9264477
942 _2ddc
_cBK
999 _c241492
_d241492